Connaissance des ARTS/ (Record no. 3597)

MARC details
000 -LEADER
campo de control de longitud fija 01319nam a22004097a 4500
003 - IDENTIFICADOR DE NÚMERO DE CONTROL
campo de control OSt
005 - FECHA Y HORA DE LA ÚLTIMA TRANSACCIÓN
campo de control 20230518073006.0
008 - DATOS DE LONGITUD FIJA--INFORMACIÓN GENERAL
campo de control de longitud fija 230516b |||||||| |||| 00| 0 eng d
040 ## - FUENTE DE CATALOGACIÓN
Centro/agencia transcriptor Lado V
082 ## - NÚMERO DE LA CLASIFICACIÓN DECIMAL DEWEY
Número de edición 708
Número de clasificación M595c
100 ## - ENTRADA PRINCIPAL--NOMBRE DE PERSONA
9 (RLIN) 827
Nombre de persona Metternich, Alain
Término indicativo de función/relación director
245 ## - MENCIÓN DEL TÍTULO
Título Connaissance des ARTS/
260 ## - PUBLICACIÓN, DISTRIBUCIÓN, ETC.
Lugar de publicación, distribución, etc. Belgica
-- Canada
-- Gran Bretaña
-- Italia
-- España
-- Portugal
-- Chile
Nombre del editor, distribuidor, etc. Presse Payante
Fecha de publicación, distribución, etc. 2009
300 ## - DESCRIPCIÓN FÍSICA
Extensión 154p.
Dimensiones 22x29cm
490 ## - MENCIÓN DE SERIE
Mención de serie 669
Designación de volumen o secuencia 2009
505 ## - NOTA DE CONTENIDO CON FORMATO
Nota de contenido con formato Portafolio
Información miscelánea L'ere mecanique des bijoux
505 ## - NOTA DE CONTENIDO CON FORMATO
Nota de contenido con formato l'evenement
505 ## - NOTA DE CONTENIDO CON FORMATO
Nota de contenido con formato visite d'atelier
505 ## - NOTA DE CONTENIDO CON FORMATO
Nota de contenido con formato l'oeil de Gilles Beguin
505 ## - NOTA DE CONTENIDO CON FORMATO
Nota de contenido con formato recit d'une vie
505 ## - NOTA DE CONTENIDO CON FORMATO
Nota de contenido con formato collection privee
505 ## - NOTA DE CONTENIDO CON FORMATO
Nota de contenido con formato carnet de voyage
505 ## - NOTA DE CONTENIDO CON FORMATO
Nota de contenido con formato analyse de style
505 ## - NOTA DE CONTENIDO CON FORMATO
Nota de contenido con formato art et societe
505 ## - NOTA DE CONTENIDO CON FORMATO
Nota de contenido con formato etude d'une oeuvre
505 ## - NOTA DE CONTENIDO CON FORMATO
Nota de contenido con formato histoire d'un lieu
505 ## - NOTA DE CONTENIDO CON FORMATO
Nota de contenido con formato amateur d'art
505 ## - NOTA DE CONTENIDO CON FORMATO
Nota de contenido con formato bibliotheque
505 ## - NOTA DE CONTENIDO CON FORMATO
Nota de contenido con formato calendrier
505 ## - NOTA DE CONTENIDO CON FORMATO
Nota de contenido con formato courrier des lecteurs
650 ## - PUNTO DE ACCESO ADICIONAL DE MATERIA--TÉRMINO DE MATERIA
Fuente del encabezamiento o término Tesauro de Arte & Arquitectura
Término de materia o nombre geográfico como elemento de entrada CATALOGO
650 ## - PUNTO DE ACCESO ADICIONAL DE MATERIA--TÉRMINO DE MATERIA
Fuente del encabezamiento o término Tesauro de Arte & Arquitectura
Término de materia o nombre geográfico como elemento de entrada REVISTA
650 ## - PUNTO DE ACCESO ADICIONAL DE MATERIA--TÉRMINO DE MATERIA
Fuente del encabezamiento o término Tesauro de Arte & Arquitectura
Término de materia o nombre geográfico como elemento de entrada ARTE INTERNACIONAL
650 ## - PUNTO DE ACCESO ADICIONAL DE MATERIA--TÉRMINO DE MATERIA
Fuente del encabezamiento o término Tesauro de Arte & Arquitectura
Término de materia o nombre geográfico como elemento de entrada CRITICA
651 ## - PUNTO DE ACCESO ADICIONAL DE MATERIA--NOMBRE GEOGRÁFICO
Fuente del encabezamiento o término Tesauro de Arte & Arquitectura
Nombre geográfico FRANCIA
942 ## - ELEMENTOS DE ENTRADA SECUNDARIOS (KOHA)
Fuente del sistema de clasificación o colocación Clasificación Decimal Dewey
Tipo de ítem Koha Libros
Parte de la signatura que corresponde a la clasificación (Parte de la clasificación) 708
Parte de la signatura que identifica el ejemplar (Parte del ítem) M595c
Suprimir en OPAC No
Holdings
Estatus retirado Estado de pérdida Fuente del sistema de clasificación o colocación Especificación de materiales (volumen encuadernado u otra parte) Estado de daño No para préstamo Colección Biblioteca de origen Biblioteca actual Fecha de adquisición Enumeración/cronología de publicación seriada Número de inventario Total de préstamos Signatura topográfica completa Código de barras Visto por última vez Precio de reemplazo Tipo de ítem Koha
    Clasificación Decimal Dewey 2009     Revistas Biblioteca LadoV Biblioteca LadoV 18/05/2023 669 003325   708 M595c 003325 18/05/2023 18/05/2023 Libros